Statistics for Former provinces of Norway on a Map

Click here to take the quiz!

General Stats

  • This quiz has been taken 165 times
  • The average score is 11 of 19

Answers on the Map

Answers color-coded by a green-red scale on the quiz's map according to % correct below.
 

Answer Stats

Answer% Correct
Oslo
95%
Svalbard
86%
Finnmark
74%
Troms
73%
Nordland
66%
Trøndelag
62%
Møre og Romsdal
56%
Telemark
53%
Rogaland
52%
Aust-Agder
50%
Vest-Agder
50%
Vestfold
50%
Østfold
49%
Hordaland
47%
Sogn og Fjordane
46%
Oppland
45%
Akershus
43%
Buskerud
39%
Hedmark
35%

Score Distribution

Percentile by Number Answered

Percent of People with Each Score

Your Score History

You have not taken this quiz